Grow A Garden All Prismatic Plants - Statistics

General Stats
  • This quiz has been taken 111 times
  • The average score is 7 of 8
Answer Stats
Picture Answer % Correct
Sugar Apple
98%
Beanstalk
97%
Burning Bud
95%
Ember Lily
95%
Elder Strawberry
93%
Giant Pinecone
91%
Elephant Ears
85%
Tranquil Bloom
72%
No matching quizzes found
Score Distribution
Percent of People with Each Score
Percentile by Number Answered
Your Score History
You have not taken this quiz